000 00368nam a22001457a 4500
003 OSt
008 250530b |||||||| |||| 00| 0 eng d
020 _a9788121204057
100 _aGUPTA, B.L.
245 _aValue and Distribution System in Ancient India
260 _aNew Delhi
_bGian Publishing House
_c1992
300 _a356
650 _aGeneral
942 _2ddc
_cBK
999 _c13631
_d13631